Kings Of Arnor (later Arthedain) - Statistics

General Stats
  • This quiz has been taken 111 times
  • The average score is 8 of 25
Answer Stats
Hint Answer % Correct
2nd King Isildur
91%
1st King Elendil
88%
25th King Arvedui
68%
3rd King Valandil
52%
17th King Argeleb I
30%
20th King Argeleb II
30%
10th King Eärendur
30%
24th King Araphant
29%
9th King Elendur
29%
18th King Arveleg I
26%
22nd King Arveleg II
26%
11th King Amlaith
25%
23rd King Araval
23%
21st King Arvegil
23%
12th King Beleg
23%
16th King Malvegil
23%
8th King Valandur
23%
19th King Araphor
22%
15th King Celebrindor
22%
4th King Eldacar
22%
6th King Tarcil
22%
7th King Tarondor
22%
14th King Celepharn
21%
13th King Mallor
21%
5th King Arantar
18%
No matching quizzes found
Score Distribution
Percent of People with Each Score
Percentile by Number Answered
Your Score History
You have not taken this quiz